مكتبة جامعة عجلون الوطنية

فهرس بحث المكتبة

Normal view MARC view
  • اعداد: السويد، محمد بن علي بن محمد

Entry Personal Name

Number of records used in: 1

001 - CONTROL NUMBER

  • control field: 43519

003 - CONTROL NUMBER IDENTIFIER

  • control field: JO-AjAnu

005 - DATE AND TIME OF LATEST TRANSACTION

  • control field: 20230606081219.0

008 - FIXED-LENGTH DATA ELEMENTS

  • fixed length control field: 230606|| aca||aabn | a|a d

040 ## - CATALOGING SOURCE

  • Original cataloging agency: JO-AjAnu
  • Transcribing agency: JO-AjAnu

100 ## - HEADING--PERSONAL NAME

  • Personal name: اعداد: السويد، محمد بن علي بن محمد

670 ## - SOURCE DATA FOUND

  • Source citation: Work cat.: (JO-AjAnu)22283: اعداد: السويد، محمد بن علي بن محمد, author, التغريب الثقافي في الاعلان التجاري: دراسة تحليلية تقويمية لعينة من الاعلانات التجارية في وسائل الاعلام في المجتمع السعودي، ج1